00578nam a2200241Ia 450000500170000000800460001702000180006303700100008104000080009104000080009904000080010704100080011504100080012308400080013110000160013924500600015524500230021526000230023826000090026136500050027036500080027585600530028320260324135646.0008 260324s9999 xx 000 0 eng d a9780203004913 aEBOOK aCRL beng cCRL 2eng aeng qCRL aGail Ashton 4aThe Generation of Identity in Late Medieval Hagiography 0bSpeaking the Saint bTaylor and Francis c2000 a b230 uhttp://www.taylorfrancis.com/books/9780203004913